Finančné porovnanie vybraných podnikov

Finančná analýza podniku je jednou z metód, pri ktorej sa hodnotí stav financií podniku pomocou údajov a ich vzájomnej klasifikácie, pomenovania, kvalifikácie a hľadania možných príčin a následného vývoja podniku. Potenciálny prínos finančnej analýzy nastáva vtedy, ak majú získané aktuálne údaje čo...

Ausführliche Beschreibung

Gespeichert in:
Bibliographische Detailangaben
1. Verfasser: Bžanová, Klaudia, 1997-
Format: Buchkapitel
Sprache:Slowakisch
Schlagworte:
Tags: Tag hinzufügen
Keine Tags, Fügen Sie das erste Tag hinzu!

MARC

LEADER 00000naa$a2200000$$$4500
001 0290301
005 20240502074447.0
041 0 |a slo 
044 |a SK 
245 1 0 |a Finančné porovnanie vybraných podnikov  |c Klaudia Bžanová 
520 |a Finančná analýza podniku je jednou z metód, pri ktorej sa hodnotí stav financií podniku pomocou údajov a ich vzájomnej klasifikácie, pomenovania, kvalifikácie a hľadania možných príčin a následného vývoja podniku. Potenciálny prínos finančnej analýzy nastáva vtedy, ak majú získané aktuálne údaje čo najväčšiu výpovednú hodnotu z hľadiska posúdenia situácie podniku. Trhová konkurencia je súbor vzťahov a procesov tovarov a služieb, ktoré koordinujú rozhodnutia o ponuke a dopyte a sú monitorované prostredníctvom ceny. Hnacou silou tohto procesu je konkurencia medzi firmami na trhu. 
610 2 0 |a bonita 
610 2 0 |a analýza finančná 
610 2 0 |a podnik 
610 2 0 |a súvaha 
610 2 0 |a bankrot 
100 1 |a Bžanová, Klaudia, 1997-